| 000 | 00889cam a2200289 i 4500 | ||
|---|---|---|---|
| 999 |
_c200441728 _d59940 |
||
| 003 | TR-AnTOB | ||
| 005 | 20240426092937.0 | ||
| 007 | ta | ||
| 008 | 210702s1980 tu 000 0 tur d | ||
| 040 |
_aTR-AnTOB _beng _erda _cTR-AnTOB _dTR-AnTOB |
||
| 041 | 0 | _atur | |
| 050 | 4 |
_bKKX1881 _a.İ27 1980 |
|
| 090 |
_aKKX1881 _b.İ27 1980 |
||
| 245 | 0 | 0 | _aİcra ve iflas kanunu tadil tasarısı. |
| 264 | 1 |
_aİstanbul : _bİTO, _c1980. |
|
| 300 |
_a62 pages ; _c24 cm |
||
| 336 |
_2rdacontent _atext _btxt |
||
| 337 |
_2rdamedia _aunmediated _bn |
||
| 338 |
_2rdacarrier _avolume _bnc |
||
| 490 | 0 |
_aİstanbul Ticaret Odası Mevzuat Dizisi ; _vno: 5 |
|
| 650 | 7 |
_aİcra-iflas hukuku _zTürkiye _2etuturkob _9115811 |
|
| 650 | 7 |
_aİflas _zTürkiye _2etuturkob _981044 |
|
| 710 | 2 |
_aİstanbul Ticaret Odası _919571 |
|
| 942 |
_2lcc _cBK |
||